Evermore: All Songs - Statistics

General Stats
  • This quiz has been taken 43 times
  • The average score is 11 of 15
Answer Stats
Track No. Answer % Correct
1 willow
96%
15 evermore
92%
2 champagne problems
79%
13 marjorie
79%
9 coney island
75%
3 gold rush
75%
10 ivy
75%
8 dorothea
71%
4 ‘‘tis the damn season
71%
11 cowboy like me
67%
6 no body, no crime
67%
7 happiness
63%
5 tolerate it
58%
14 closure
54%
12 long story short
38%
No matching quizzes found
Score Distribution
Percent of People with Each Score
Percentile by Number Answered
Your Score History
You have not taken this quiz